Statistiques concernant Train : Les lignes TGV en 2023

Cliquez ici pour prendre le quiz!

Statistiques générales

  • Ce quiz a été pris 200 fois
  • Le résultat moyen est 5 sur 12

Statistiques - réponses

Indice 1Indice 2
Nbre
de mots
Nom de la Ligne% Correct
Liaison entre trois lignesE1LGV Interconnexion {Est}
82%
De Paris à l'ouestA1LGV {Atlantique}
75%
De Paris au tunnel sous la MancheN1LGV {Nord}
72%
De Paris à LyonS2LGV {Sud-est}
69%
De Valence à MarseilleM1LGV {Méditerranée}
57%
Autour de DijonR2LGV {Rhin-Rhône}
45%
De Lyon à ValenceR2LGV {Rhône-Alpes}
42%
Vers Rennes et NantesB5LGV {Bretagne-Pays-de-la-Loire}
29%
Vers BordeauxS3LGV {Sud-Europe-Atlantique}
28%
De la France à l'EspagneP2LGV de {Perpignan} à {Figueras}
15%
Dans le Gard et l'HéraultN2Contournement de {Nîmes} et de {Montpellier}
7%
De la Seine-et-Marne au Bas-RhinE2LGV {Est-européenne}
4%

Distribution des résultats

Percentile par nombre de réponses

% des personnes avec chaque résultat

Votre développement - résultats

Vous n’avez pas pris ce quiz